000 00498nam a2200205Ia 4500
003 OSt
005 20220331103913.0
008 210210b1959 xxu||||| |||| 00| 0 eng d
040 _aAL
_c
041 _aeng
082 _a535/44
100 _aGRAHAM (Frank D)
_926830
245 _aAudels handy book of practical electricity with wiring diagrams
260 _b-
_c1959
300 _a1052
650 _adiagrams
_926836
690 _aElectricity
_926839
906 _a008662
942 _2ddc
_cBK
999 _c126467
_d126467